| 000 | 00767pam a2200241 a 4500 | ||
|---|---|---|---|
| 008 | |||
| 020 | _a0444009183 (hbk.) | ||
| 049 | _aMAIN | ||
| 090 | _aT57.6 | ||
| 245 | 0 | 0 |
_aHandbook of systems analysis : _boverview of uses, procedures, applications, and practice / _cedited by Hugh J. Miser, Edward S. Quade. |
| 260 |
_aNew York : _bNorth-Holland, _c1985. |
||
| 300 |
_axviii, 346 p. : _bill. ; _c24 cm. |
||
| 504 | _aIncludes bibliographical references. | ||
| 500 | _aIncludes indexes. | ||
| 650 | _aSystem analysis. | ||
| 700 | 1 | _aMiser, Hugh J. | |
| 700 | 1 | _aQuade, Edward. S. | |
| 907 |
_a.b10167080 _b15-08-05 _c05-07-05 |
||
| 003 | |||
| 005 | 20230123134029.0 | ||
| 040 | _cNUST | ||
| 942 |
_cBOOKS _kT57.6 |
||
| 999 |
_c158820 _d158820 |
||